[Event "Pfalz op-B 11th"]
[Site "Neustadt an der Weinstrasse"]
[Date "2020.02.23"]
[Round "4"]
[White "Ziegler, Ulrich"]
[Black "Werner, Rosalie"]
[Result "0-1"]
[WhiteElo "1672"]
[BlackElo "1784"]
[PlyCount "98"]
[EventDate "2020.02.21"]
[EventType "swiss"]
[EventRounds "7"]
[EventCountry "GER"]
[SourceTitle "CBM 195 Extra"]
[Source "ChessBase"]
[SourceDate "2020.05.31"]
[SourceVersion "1"]
[SourceVersionDate "2020.05.31"]
[SourceQuality "1"]

1. c4 e6 2. Nc3 d5 3. cxd5 exd5 4. d4 c6 5. Nf3 Bd6 6. g3 Nf6 7. Bg2 0-0 8. 0-0 Re8 9. a3 Bf5 10. Nh4 Qd7 11. Nxf5 Qxf5 12. b4 a6 13. Bb2 Nbd7 14. Rc1 Nb6 15. Rc2 h5 16. f3 Qg6 17. Bc1 Re7 18. e3 Qh7 19. Re2 h4 20. Qc2 Qxc2 21. Rxc2 hxg3 22. h3 Rae8 23. e4 g6 24. Bg5 Kg7 25. e5 Bxe5 26. dxe5 Rxe5 27. Bf4 R5e6 28. Bxg3 Nc4 29. Ra2 Re3 30. Nb1 Rb3 31. Bf2 Nh5 32. Bd4+ f6 33. f4 Ng3 34. Rd1 Ne2+ 35. Rxe2 Rxe2 36. Kf1 Re8 37. Bc5 Nxa3 38. Nxa3 Rxa3 39. b5 Ra5 40. Rb1 Rxb5 41. Rxb5 axb5 42. h4 Kh6 43. Kf2 Kh5 44. Kg3 Kh6 45. Bd4 f5 46. Bf6 b4 47. Bf3 b3 48. Bg5+ Kg7 49. h5 b2 0-1

[Event "Rheinland Pfalz op Seniors 14th"]
[Site "Neustadt an der Weinstrasse"]
[Date "2016.07.20"]
[Round "5"]
[White "Ziegler, Ulrich"]
[Black "Lachat, Martin"]
[Result "0-1"]
[WhiteElo "1795"]
[BlackElo "1543"]
[PlyCount "88"]
[EventDate "2016.07.16"]
[EventType "swiss"]
[EventRounds "9"]
[EventCountry "GER"]
[SourceTitle "EXT 2019"]
[Source "ChessBase"]
[SourceDate "2018.10.10"]
[SourceVersion "1"]
[SourceVersionDate "2018.10.10"]
[SourceQuality "1"]

1. c4 e5 2. Nc3 f5 3. g3 Nf6 4. Bg2 g6 5. Nf3 d6 6. d4 e4 7. Nd2 Bg7 8. Nb3 0-0 9. 0-0 Be6 10. d5 Bf7 11. Bf4 Nbd7 12. Rc1 Re8 13. h3 Nh5 14. Be3 Nhf6 15. Nd4 a6 16. b4 Nb6 17. Na4 Nfd7 18. Nb2 a5 19. b5 Nc5 20. Qc2 Be5 21. Rfd1 a4 22. a3 Qf6 23. Rb1 g5 24. f4 gxf4 25. gxf4 Bxd4 26. Bxd4 Qh4 27. Rf1 Nbd7 28. Qc3 Bh5 29. Rbe1 Kf7 30. Bf2 Qf6 31. Bd4 Qg6 32. Rf2 Rg8 33. Kh1 Qg3 34. Qxg3 Rxg3 35. e3 Rag8 36. Nd1 Nd3 37. Rg1 Bxd1 38. Rd2 Bf3 39. Kh2 Nf8 40. b6 cxb6 41. Bxb6 h5 42. Bd8 Ne1 43. Rxe1 Rxg2+ 44. Rxg2 Rxg2+ 0-1

[Event "Rheinland Pfalz op Seniors 14th"]
[Site "Neustadt an der Weinstrasse"]
[Date "2016.07.19"]
[Round "4"]
[White "Blosze, Winfried"]
[Black "Ziegler, Ulrich"]
[Result "1-0"]
[WhiteElo "1872"]
[BlackElo "1795"]
[PlyCount "147"]
[EventDate "2016.07.16"]
[EventType "swiss"]
[EventRounds "9"]
[EventCountry "GER"]
[SourceTitle "EXT 2019"]
[Source "ChessBase"]
[SourceDate "2018.10.10"]
[SourceVersion "1"]
[SourceVersionDate "2018.10.10"]
[SourceQuality "1"]

1. e4 c5 2. d4 cxd4 3. c3 dxc3 4. Nxc3 Nc6 5. Bc4 Nf6 6. Nf3 g6 7. 0-0 Bg7 8. Qe2 0-0 9. Rd1 a6 10. e5 Ne8 11. e6 Kh8 12. exd7 Bxd7 13. Ng5 Ne5 14. Bf4 Nxc4 15. Qxc4 e6 16. Qd3 Nf6 17. Bd6 h6 18. Bxf8 Qxf8 19. Nge4 Bc6 20. Nxf6 Bxf6 21. g3 Qb4 22. Qd2 Kg7 23. h3 Bf3 24. Re1 Rd8 25. Qc2 Bg5 26. Ne4 Be7 27. Re3 Bxe4 28. Rxe4 Qb6 29. Re2 Bf6 30. Rd1 Rb8 31. Rd7 h5 32. Qc7 Qxc7 33. Rxc7 b6 34. Rd2 Be5 35. Ra7 a5 36. b3 Bc3 37. Rdd7 Rf8 38. Rab7 Kf6 39. Rxb6 Rc8 40. Rbb7 Bb4 41. Rxf7+ Ke5 42. Rf3 g5 43. Rb5+ Ke4 44. Re3+ Kd4 45. Rxe6 h4 46. Rxg5 Kc3 47. g4 Kb2 48. Re2+ Kc1 49. Rge5 Kd1 50. Kg2 Rf8 51. R2e4 Bc3 52. Rd5+ Kc1 53. f4 Bb4 54. f5 Kb2 55. Re2+ Ka3 56. Kf3 Rc8 57. g5 Rc3+ 58. Kg4 Rg3+ 59. Kxh4 Rg1 60. Kh5 Rh1 61. Rd3 Rg1 62. f6 a4 63. bxa4+ Kxa4 64. Re4 Kb5 65. Rb3 Kc5 66. Rbxb4 Rg3 67. h4 Ra3 68. f7 Ra8 69. g6 Kd5 70. Re8 Ra5 71. f8Q Kc6+ 72. Kh6 Rd5 73. Rc8+ Kd7 74. Rb7+ 1-0

[Event "Rheinland Pfalz op Seniors 13th"]
[Site "Neustadt an der Weinstrasse"]
[Date "2015.07.13"]
[Round "4"]
[White "Walther, Gerd"]
[Black "Ziegler, Ulrich"]
[Result "1/2-1/2"]
[WhiteElo "1927"]
[BlackElo "1790"]
[PlyCount "117"]
[EventDate "2015.07.10"]
[EventType "swiss"]
[EventRounds "7"]
[EventCountry "GER"]
[SourceTitle "EXT 2019"]
[Source "ChessBase"]
[SourceDate "2018.10.10"]
[SourceVersion "1"]
[SourceVersionDate "2018.10.10"]
[SourceQuality "1"]

1. d4 c5 2. c3 e6 3. Nf3 Nf6 4. Bg5 Be7 5. e3 0-0 6. Bd3 d5 7. 0-0 c4 8. Bc2 Nc6 9. Nbd2 b5 10. Ne5 Bb7 11. f4 Nxe5 12. fxe5 Ne4 13. Bxe7 Qxe7 14. Nxe4 dxe4 15. Qg4 g6 16. Bxe4 h5 17. Qf3 Bxe4 18. Qxe4 Rae8 19. Rf6 Kg7 20. a3 Rd8 21. Qh4 Qb7 22. Raf1 Rd7 23. Qf4 Qc8 24. Rf3 Qe8 25. Qg5 Rh8 26. R6f4 Qe7 27. Qxe7 Rxe7 28. e4 Rf8 29. Rf6 a5 30. Re3 Rb8 31. d5 exd5 32. exd5 Rxe5 33. Rxg6+ Kxg6 34. Rxe5 b4 35. d6 bxc3 36. bxc3 Rb1+ 37. Kf2 Rd1 38. Rxa5 Rxd6 39. Rc5 Rd2+ 40. Kf1 Ra2 41. Rxc4 Rxa3 42. Ke2 f5 43. Kf3 Ra1 44. Rc6+ Kg7 45. c4 Rf1+ 46. Ke2 Rh1 47. h3 Ra1 48. Rd6 Rc1 49. Rd4 Rc2+ 50. Kf3 Kf6 51. g3 Rc1 52. Ke3 Rg1 53. Kf2 Rc1 54. g4 fxg4 55. hxg4 hxg4 56. Rxg4 Ke5 57. Ke3 Rc3+ 58. Kd2 Rh3 59. Kc2 1/2-1/2

[Event "Rheinland Pfalz op Seniors 13th"]
[Site "Neustadt an der Weinstrasse"]
[Date "2015.07.11"]
[Round "2"]
[White "Lachat, Martin"]
[Black "Ziegler, Ulrich"]
[Result "0-1"]
[WhiteElo "1666"]
[BlackElo "1790"]
[PlyCount "94"]
[EventDate "2015.07.10"]
[EventType "swiss"]
[EventRounds "7"]
[EventCountry "GER"]
[SourceTitle "EXT 2019"]
[Source "ChessBase"]
[SourceDate "2018.10.10"]
[SourceVersion "1"]
[SourceVersionDate "2018.10.10"]
[SourceQuality "1"]

1. c4 g6 2. Nc3 Bg7 3. d4 Nf6 4. Nf3 b6 5. e3 Bb7 6. Be2 0-0 7. 0-0 d5 8. cxd5 Nxd5 9. Bd2 Nf6 10. Rc1 a6 11. Ne5 Qd6 12. Bf3 Bxf3 13. Qxf3 Nbd7 14. Nxd7 Qxd7 15. Rfd1 h5 16. Ne2 Rac8 17. Qc6 Qd6 18. Rc2 Rfd8 19. Rdc1 Rd7 20. Qxd6 exd6 21. Rc6 Nd5 22. e4 Ne7 23. R6c2 f5 24. exf5 Nxf5 25. Bg5 Nxd4 26. Nxd4 Bxd4 27. Be3 Bxe3 28. fxe3 c5 29. b4 Re8 30. bxc5 bxc5 31. Kf2 a5 32. Rd1 Re5 33. Rcd2 d5 34. Rc1 d4 35. exd4 cxd4 36. Rcd1 Red5 37. Kf3 Kf7 38. Ke4 Ke6 39. Rxd4 Re5+ 40. Kf3 Rf7+ 41. Rf4 Rxf4+ 42. Kxf4 Re2 43. a4 Rxg2 44. Re1+ Kf6 45. h4 Rg4+ 46. Kf3 Rxh4 47. Rc1 Rxa4 0-1

[Event "Leipzig VfB op 20th"]
[Site "Leipzig"]
[Date "2013.03.09"]
[Round "7"]
[White "Ziegler, Ulrich"]
[Black "Ziese, Gerhard"]
[Result "0-1"]
[WhiteElo "1843"]
[BlackElo "1998"]
[PlyCount "76"]
[EventDate "2013.03.05"]
[EventType "swiss"]
[EventRounds "9"]
[EventCountry "GER"]
[SourceTitle "EXT 2014"]
[Source "ChessBase"]
[SourceDate "2013.11.20"]
[SourceVersion "1"]
[SourceVersionDate "2013.11.20"]
[SourceQuality "1"]

1. c4 Nf6 2. Nc3 d5 3. cxd5 Nxd5 4. g3 g6 5. Bg2 c6 6. Nf3 Bg7 7. 0-0 0-0 8. d4 Nb6 9. Bf4 N8d7 10. Rc1 Re8 11. Qb3 Nf6 12. e4 Be6 13. Qc2 Qd7 14. Rfd1 Rad8 15. Ne5 Qc8 16. b3 Ng4 17. Nf3 h6 18. e5 h5 19. Qe2 Nh6 20. Ng5 Bd5 21. Bh3 Nf5 22. Nce4 f6 23. Nf3 Nxd4 24. Nxd4 Qxh3 25. f3 fxe5 26. Bxe5 Bxe5 27. Ng5 Bxd4+ 28. Rxd4 Qf5 29. h4 e5 30. Rd3 Rd7 31. Re3 Rde7 32. Rf1 Nd7 33. f4 e4 34. Kg2 Nf6 35. Qb2 Ng4 36. Ree1 e3+ 37. Nf3 e2 38. Rf2 Qd3 0-1

[Event "Leipzig VfB op 20th"]
[Site "Leipzig"]
[Date "2013.03.06"]
[Round "2"]
[White "Eichhorn, Mike"]
[Black "Ziegler, Ulrich"]
[Result "0-1"]
[WhiteElo "1617"]
[BlackElo "1843"]
[PlyCount "42"]
[EventDate "2013.03.05"]
[EventType "swiss"]
[EventRounds "9"]
[EventCountry "GER"]
[SourceTitle "EXT 2014"]
[Source "ChessBase"]
[SourceDate "2013.11.20"]
[SourceVersion "1"]
[SourceVersionDate "2013.11.20"]
[SourceQuality "1"]

1. e4 c5 2. Nf3 Nc6 3. d4 cxd4 4. Nxd4 e5 5. Nf3 Nf6 6. Bc4 Be7 7. Nbd2 0-0 8. 0-0 a6 9. Nb3 b5 10. Bd5 Bb7 11. Re1 Rc8 12. Be3 Qc7 13. Nc5 Bxc5 14. Bxc5 d6 15. Bxc6 Qxc6 16. Ba3 Rfd8 17. c3 Nxe4 18. Qd3 Nf6 19. Rad1 e4 20. Qxd6 Rxd6 21. Rxd6 Qxd6 0-1

[Event "Leipzig VfB op 20th"]
[Site "Leipzig"]
[Date "2013.03.06"]
[Round "3"]
[White "Ziegler, Ulrich"]
[Black "Richter, Steffen"]
[Result "0-1"]
[WhiteElo "1843"]
[BlackElo "2026"]
[PlyCount "113"]
[EventDate "2013.03.05"]
[EventType "swiss"]
[EventRounds "9"]
[EventCountry "GER"]
[SourceTitle "EXT 2014"]
[Source "ChessBase"]
[SourceDate "2013.11.20"]
[SourceVersion "1"]
[SourceVersionDate "2013.11.20"]
[SourceQuality "1"]

1. c4 c5 2. Nc3 g6 3. g3 Bg7 4. Bg2 Nc6 5. Nf3 e6 6. 0-0 Nge7 7. d3 d5 8. cxd5 Nxd5 9. Nxd5 exd5 10. Qc2 b6 11. Bg5 Qd7 12. Rad1 0-0 13. a3 Bb7 14. Bf4 h6 15. h4 Rfe8 16. e4 Nd8 17. Qc1 Kh7 18. Kh2 Qb5 19. e5 Ne6 20. Rfe1 Rac8 21. Bf1 Qd7 22. Bh3 d4 23. Nd2 b5 24. Ne4 Bxe4 25. Rxe4 Qe7 26. Bd2 Rc7 27. Rf1 c4 28. dxc4 Rxc4 29. Qe1 Nc5 30. Bb4 Qc7 31. Bxc5 Qxc5 32. e6 f5 33. Re2 Re7 34. b4 Qd6 35. h5 f4 36. hxg6+ Kg8 37. Re4 d3 38. Rxc4 bxc4 39. Qe4 c3 40. Qc4 d2 41. Bg4 Qd4 42. Qc8+ Bf8 43. Bd1 Kg7 44. Kg2 Qf6 45. Bb3 Kxg6 46. Rh1 f3+ 47. Kf1 Rxe6 48. Bc2+ Kg7 49. Qd7+ Be7 50. Kg1 Re1+ 51. Kh2 h5 52. Qd3 Kf8 53. Qd5 h4 54. Bh7 hxg3+ 55. Kxg3 Qg5+ 56. Qxg5 Bxg5 57. Rh5 0-1